000 00856nam a2200253 a 4500
008
020 _a0748728864 (pbk.)
049 _aMAIN
090 _aTA145
_bDAR
100 1 _aDarbyshire, Alan.
245 1 0 _aGNVQ advanced engineering :
_bsystems, processes, materials and design /
_cAlan Darbyshire and David Taylor.
260 _aCheltenham :
_bStanley Thornes,
_c1997.
300 _aix, 484 p. :
_bill. ;
_c26 cm.
504 _aIncludes index.
650 0 _aEngineering
_xStudy and teaching
_zGreat Britain.
650 0 _aVocational education
_zGreat Britain.
700 1 _aTaylor, David.
740 0 _aAdvanced engineering : systems, processes, materials and design.
907 _a.b10016569
_b08-05-12
_c17-04-03
003
005 20230123133447.0
040 _cNUST
942 _cBOOKS
_kTA145
_mDAR
999 _c148963
_d148963